[Event "Budapest FS12 GM-A"]
[Site "Budapest"]
[Date "2001.12.04"]
[Round "4"]
[White "Cao, Sang"]
[Black "Felgaer, Ruben Alejandro"]
[Result "1-0"]
[WhiteElo "2507"]
[BlackElo "2467"]
[Annotator "Hecht,H"]
[PlyCount "151"]
[EventDate "2001.11.01"]
[EventType "tourn"]
[EventRounds "13"]
[EventCountry "HUN"]
[EventCategory "10"]
[SourceTitle "CBM 087"]
[Source "ChessBase"]
[SourceDate "2002.03.21"]
[SourceVersion "1"]
[SourceVersionDate "2002.03.21"]
[SourceQuality "1"]

1. e4 c5 2. Nf3 Nc6 3. d4 cxd4 4. Nxd4 g6 5. Be3 Bg7 6. c4 Nf6 7. Nc3 O-O 8.
Be2 d6 9. f3 Nxd4 10. Bxd4 Be6 11. O-O a6 12. Qd2 Qa5 13. Rfd1 Rfc8 14. b3 Nd7
15. Bxg7 Kxg7 16. Rac1 f6 17. Rc2 Rab8 18. Bf1 Rc7 19. Ne2 Qxd2 20. Rdxd2 Nc5
21. Kf2 a5 22. Ke3 Bd7 23. Nf4 Bc6 24. g3 Kf7 25. Bh3 e5 26. Nd3 Ke7 27. Rc1 b6
28. Rcd1 Nb7 29. Rc1 Be8 30. Rb2 Nc5 31. Rd2 Nxd3 32. Rxd3 b5 33. Kd2 bxc4 34.
Rdc3 a4 35. Bf1 axb3 36. axb3 Bf7 37. bxc4 Rb4 38. Bd3 Be6 39. g4 Rb2+ 40. R1c2
Rxc2+ 41. Rxc2 Kd7 42. Kc3 Ra7 43. Rb2 Kc6 44. Rb8 Ra3+ 45. Rb3 Ra8 46. Rb5 g5
47. h3 Bd7 {[#] Völlig gleiche Stellung mit passiven Läufern beiderseits.
Schwarz läßt einen Zug zu lange einen Bauern auf h5 stehen und gerät in einen
Mattangriff.} 48. Bc2 Be8 49. Rd5 Ra7 50. Kb4 Bf7 51. Ba4+ Kc7 52. Rd2 Be6 53.
Rd3 Ra8 54. Rd2 Rb8+ 55. Bb5 Ra8 56. Ba4 h5 57. Rd3 Bc8 58. Rd5 Bb7 59. Ra5 Rb8
60. Bb5 Kb6 61. Ra3 Rd8 $6 (61... h4 $11) 62. gxh5 Rh8 63. Rd3 Kc7 64. c5 dxc5+
65. Kxc5 Bc8 66. Rd6 Rh6 67. Be8 Bxh3 68. Bg6 {[%csl Rf6]} g4 69. Bf5 $1 {
[%cal Rf3g4,Rd6d7]} Rxh5 70. fxg4 Rg5 71. Rd7+ Kb8 72. Kb6 Rg8 73. Be6 ({
Schön war} 73. Rb7+ Ka8 74. Ra7+ Kb8 75. Bd7 Rg7 76. Rb7+ Ka8 77. Rc7 Rg8 78.
Bc6+ Kb8 79. Ra7 {und matt}) 73... Re8 74. Rb7+ Ka8 75. Ra7+ Kb8 76. Bd5 {
Matt bzw. Turmverlust} 1-0

[Event "Reggio Emilia 9900 42nd"]
[Site "Reggio Emilia"]
[Date "2000.01.01"]
[Round "6"]
[White "Drei, Andrea"]
[Black "Vezzosi, Paolo"]
[Result "0-1"]
[WhiteElo "2349"]
[BlackElo "2329"]
[Annotator "Hecht,H"]
[PlyCount "120"]
[EventDate "1999.12.27"]
[EventType "tourn"]
[EventRounds "9"]
[EventCountry "ITA"]
[EventCategory "8"]
[SourceTitle "CBM 075"]
[Source "ChessBase"]
[SourceDate "2000.04.05"]
[SourceVersion "1"]
[SourceVersionDate "2000.04.05"]
[SourceQuality "1"]

1. e4 c5 2. Nf3 g6 3. c4 Bg7 4. d4 cxd4 5. Nxd4 Nc6 6. Be3 d6 7. Nc3 Nf6 8. Be2
O-O 9. O-O Bd7 10. Qd2 Nxd4 11. Bxd4 Bc6 12. f3 Nd7 13. Be3 a5 14. b3 Nc5 15.
Rac1 Qb6 16. Nb5 Rfc8 17. Rfd1 Qd8 18. Bf1 Qf8 19. Nc3 Qd8 20. Qf2 Qf8 21. Qd2
Qd8 22. Nd5 Bxd5 23. cxd5 Qd7 24. Rc2 b5 25. b4 axb4 26. Qxb4 Rcb8 27. Kh1 Ra4
28. Qd2 Qa7 29. Rdc1 b4 30. Bc4 Bc3 31. Qf2 Ra3 32. Qe2 Qc7 33. Rb1 Raa8 34.
Bd2 Ra3 35. h4 Rc8 36. Bb5 Qb6 37. Bc6 Qa5 38. Rbc1 Rb8 39. Rb1 Bxd2 40. Qxd2
b3 41. Qxa5 Rxa5 42. Rcb2 Ra3 43. axb3 Rbxb3 44. Rxb3 Nxb3 {[#] Bauern auf
einem Flügel. Der Springer ist die bessere Leichtfigur. Weiß muss den
Bauernhebel f5 beachten.} 45. Re1 Nd4 46. Rc1 {Inkonsequent! Weiß konnte hier
in das Remisendspiel 3-4 Bauern auf einem Flügel übergehen.} (46. e5 dxe5 47.
Rxe5 Kf8 48. h5 f6 49. Re4 Nxc6 50. dxc6 Rc3 51. hxg6 hxg6 $15) 46... Kg7 47.
Rc4 Ne2 48. Rc2 Re3 49. Rb2 f5 50. exf5 gxf5 51. Bb5 $6 {Überführt den Läufer
in eine sehr passive Position, um d5 zu decken und e6 zu verhindern.} (51. Kh2
f4 52. Bd7 Kf6 53. Kh3 h5 54. Rb8 Ng3 55. Rb1 $15) 51... Nd4 52. Bc4 Rc3 53.
Ba2 Kf6 54. f4 Nc2 55. Rb3 Rc4 56. Rb2 Rc5 57. Rb8 $2 (57. Kg1 Ne3 58. Rd2 $15)
57... Ne3 $19 {[%csl Rd5,Rg2][%cal Rc5c2]} 58. Rb1 Rc2 59. Bb3 Rxg2 60. Re1 Rg3
0-1

[Event "RUS-Cup03 Geller Memorial"]
[Site "Moscow"]
[Date "1999.02.09"]
[Round "8"]
[White "Pokrovski, Pavel"]
[Black "Frog, Ilya"]
[Result "1/2-1/2"]
[WhiteElo "2305"]
[BlackElo "2415"]
[Annotator "Hecht,H"]
[PlyCount "113"]
[EventDate "1999.02.10"]
[EventType "swiss"]
[EventRounds "9"]
[EventCountry "RUS"]
[SourceTitle "CBM 070"]
[Source "ChessBase"]
[SourceDate "1999.06.08"]
[SourceVersion "1"]
[SourceVersionDate "1999.06.08"]
[SourceQuality "1"]

1. e4 g6 2. d4 Bg7 3. c4 d6 4. Nc3 Nf6 5. Nf3 O-O 6. Be2 c5 7. O-O cxd4 8. Nxd4
Nc6 9. Be3 Nd7 10. Rc1 Nc5 11. Nxc6 bxc6 12. b4 Ne6 13. f4 c5 14. bxc5 dxc5 15.
Qxd8 Rxd8 16. e5 Bb7 17. Rb1 Bc6 18. Nd5 Rd7 19. Bf3 Rc8 20. Rf2 Nf8 21. Rfb2
e6 22. Nf6+ Bxf6 23. Bxc6 Rxc6 24. exf6 Rd3 25. Rb8 Rb6 26. Rxf8+ Kxf8 27.
Bxc5+ Ke8 28. Bxb6 axb6 29. Rxb6 Rd4 30. g3 e5 31. fxe5 Rxc4 32. Rb7 Ra4 33.
Re7+ Kf8 34. Rd7 Ke8 35. Re7+ Kf8 36. Rd7 Ke8 37. Rd2 h5 38. Kf2 Ra3 39. Ke1 g5
40. Kd1 h4 41. gxh4 gxh4 42. Re2 $5 (42. Kc1 $1 Re3 (42... Ra8 43. Kb2 Rb8+ 44.
Kc3 Ra8 45. Kb4 Rb8+ 46. Kc5 Ra8 47. Kd5 Ra4 48. Rb2 $18) 43. Kb2 Rxe5 44. a4
Rf5 45. Kb3 Rxf6 46. a5 $18 {[%cal Rd2a2,Rb3b4]}) 42... Kd7 43. Kc1 Ra8 44. Kb2
Rb8+ 45. Kc3 Ra8 46. Kb4 Rb8+ 47. Kc5 Ra8 48. e6+ fxe6 49. Rf2 Ke8 50. f7+ Kf8
51. Kd6 Ra6+ 52. Ke5 h3 53. Kf6 Ra5 54. Kxe6 Rg5 55. Rf3 Rg6+ 56. Rf6 (56. Ke5
Rg2 57. Rxh3 Rxa2 58. Rh7 Rf2 59. Ke6 Rf6+ $11) 56... Rxf6+ 57. Kxf6 1/2-1/2

[Event "RUS-ch KO"]
[Site "Moscow"]
[Date "1999.12.19"]
[Round "3.1"]
[White "Dvoirys, Semen I"]
[Black "Shcherbakov, Ruslan"]
[Result "0-1"]
[WhiteElo "2590"]
[BlackElo "2541"]
[Annotator "Hecht,H"]
[PlyCount "142"]
[EventDate "1999.12.04"]
[EventType "k.o."]
[EventRounds "6"]
[EventCountry "RUS"]
[SourceTitle "CBM 075"]
[Source "ChessBase"]
[SourceDate "2000.04.05"]
[SourceVersion "1"]
[SourceVersionDate "2000.04.05"]
[SourceQuality "1"]

1. e4 c5 2. Nf3 Nc6 3. d4 cxd4 4. Nxd4 g6 5. c4 Bg7 6. Be3 Nf6 7. Nc3 O-O 8.
Be2 b6 9. O-O Bb7 10. Rc1 Nxd4 11. Bxd4 Bh6 12. Qd3 Bxc1 13. Rxc1 d6 14. Rd1
Nd7 15. Qg3 a6 16. h4 e5 17. Be3 Nc5 18. f3 Rb8 19. h5 Ne6 20. b4 Ba8 21. a4
Qe7 22. Bf1 Kh8 23. hxg6 fxg6 24. Qf2 a5 25. bxa5 bxa5 26. Nb5 Bxe4 27. Rxd6
Ba8 28. c5 Rbc8 29. Qd2 Nxc5 30. Bg5 Qf7 31. Bf6+ Kg8 32. Bxe5 Ne4 33. Qxa5 Rc5
34. Rd8 Rxe5 35. Qxa8 Nd2 36. Nd6 Qf4 37. Rxf8+ Qxf8 38. Qxf8+ Kxf8 39. Nc4
Nxc4 40. Bxc4 {[#] Thema: Umgehung der weißen Stellung.} Re1+ 41. Kf2 Ra1 42.
Bb5 Ke7 43. Ke3 Ra2 44. g4 Kd6 45. Kf4 Ra3 46. Ke4 Rb3 47. Kf4 Kd5 48. Be8 Ke6
49. Bc6 Kd6 50. Be8 Rd3 51. Ke4 Rc3 52. f4 Rc4+ 53. Kf3 Ke7 54. Bb5 Rb4 55. g5
Ke6 56. Kg4 Kd5 57. Kf3 Rb3+ 58. Kg4 Kd4 59. Bc6 (59. f5 Ke5 60. f6 h5+ 61. Kh4
Rb4+ 62. Kh3 Ke6 63. Be8 Rg4 64. Bxg6 Rxg5 65. Be8 Kxf6 66. Kh4 Kf5 67. a5 (67.
Bxh5 Kf4 $19) 67... Rg1 68. Bd7+ Kg6 69. a6 Rh1+ 70. Kg3 Kg5 71. Bc6 Ra1 72.
Bb7 h4+ 73. Kh2 Ra2+ 74. Kh3 Ra3+ 75. Kh2 h3 $19) 59... Ke3 60. a5 Rb1 61. Kg3
Rg1+ 62. Bg2 Ra1 63. Bd5 Rxa5 64. Bg8 Ra7 65. Kg4 Ra1 66. Bxh7 Rg1+ 67. Kh3
Rh1+ 68. Kg4 Rxh7 69. f5 Ke4 70. fxg6 Rg7 71. Kh5 Kf5 0-1

[Event "Olympiad-42"]
[Site "Baku"]
[Date "2016.09.12"]
[Round "10.1"]
[White "Lupulescu, Constantin"]
[Black "Iturrizaga Bonelli, Eduardo"]
[Result "0-1"]
[WhiteElo "2618"]
[BlackElo "2650"]
[Annotator "Iotov,V"]
[PlyCount "54"]
[EventDate "2016.09.02"]
[EventType "team-swiss"]
[EventRounds "11"]
[EventCountry "AZE"]
[SourceTitle "CBM 175"]
[Source "ChessBase"]
[SourceDate "2016.11.10"]
[SourceVersion "1"]
[SourceVersionDate "2016.11.10"]
[SourceQuality "1"]
[WhiteTeam "Romania"]
[BlackTeam "Venezuela"]
[WhiteTeamCountry "ROU"]
[BlackTeamCountry "VEN"]

1. Nf3 c5 2. c4 g6 3. d4 cxd4 4. Nxd4 Nc6 5. e4 Bg7 6. Be3 (6. Nc2 $5) 6... Nf6
7. Nc3 O-O 8. Be2 d6 9. O-O Bd7 10. Qd2 Nxd4 11. Bxd4 Bc6 12. f3 a5 13. b3 Nd7
14. Be3 Nc5 15. Rac1 Be5 $5 {The first major deviation from mainstream theory.
Black places his bishop comfortably in the centre where it protects d6 after
possible e6 - f5 pushes, as well as attacking the kingside. Furthermore, by
playing Be5 Black is well aware that the chance of that bishop being pushed
away is fairly small as ideas with f4 are not easy to execute, nor does it
appear that Bd4 - xe5 would ever improve White's pawn structure.} ({The more
popular alternative is:} 15... Qb6 $5 16. Nd5 $5 (16. Nb5 Rfc8 17. Kh1 (17.
Rfd1 h5 18. Bf1 Qd8 19. Qe1 Ne6 20. Nc3 Qf8 21. g3 Nc5 22. Bh3 Rd8 23. Nb5 Bxb5
24. cxb5 b6 25. Bg2 Rac8 26. f4 e6 27. h4 Qe7 28. Kh2 Rc7 29. Rc2 Rdc8 30. Qe2
$16 {1-0 Panarin,M (2531)-Mamedov,R (2660)/Pardubice CZE 2010}) 17... Qd8 18.
Nd4 Bd7 19. Rfd1 h5 20. Bf1 Kh7 21. Ne2 Bc6 22. Nf4 Bh6 23. Qf2 Qh8 24. Rc2 Qf6
$132 {0-1 Lenic,L (2613)-Le Quang Liem (2664)/Moscow RUS 2011}) (16. Rfd1 Rfc8
(16... a4 $2 17. b4 Qxb4 18. Nd5 Qxd2 19. Nxe7+ Kh8 20. Rxd2 Be5 21. Nxc6 bxc6
22. f4 Nxe4 23. fxe5 Nxd2 24. Bxd2 dxe5 25. Bf3 $18) 17. Nd5 Qd8 18. Bg5 Bxd5
19. cxd5 Qd7 $132) 16... Bxd5 (16... Qd8 {Then, what was the point of Qb6 in
the first place?!}) 17. cxd5 Rfc8 18. Rfd1 Qb4 19. Rc2 $16 {[%csl Ge2,Ge3]} Nd7
$6 (19... h5 $5 20. Rdc1 Kh7 $132) 20. Rdc1 Rxc2 21. Rxc2 Nc5 22. Qxb4 axb4 23.
Bd2 Bc3 24. Bxc3 bxc3 25. Kf2 f5 26. exf5 gxf5 27. Ke3 Kf7 28. Bc4 Kf6 29. Kd4
f4 30. Kxc3 $18 {1-0 Kovalyov,A (2571)-Paunovic,D (2532)/Figueira da Foz POR
2008}) 16. Rfd1 $14 {Overall, it is my opinion that if White were to correctly
execute his ideas in this position, there is very little Black could do to
create sufficient counterplay. Of course, that is easier said than done...} (
16. Bd1 {[%cal Gd1c2,Gf3f4,Gc1e1] Possibly preparing f4!?} Qb6 17. Nd5 (17. Bc2
Qb4 18. Nd5 Bxd5 19. exd5 Bc3 20. Qe2 a4 $132) 17... Bxd5 18. exd5 Qb4 19. Rf2
Rfc8 20. f4 Bf6 21. Bc2 (21. a4 $1 Re8 $11) 21... Qxd2 22. Rxd2 a4 (22... b5 $1
$15) 23. Rb1 axb3 24. axb3 Na6 25. Bd1 $11 {½-½ Krush,I (2467)-Iturrizaga,E 
(2649)/Caleta ENG 2015}) 16... e6 17. Rc2 (17. Bf1 Qe7 (17... Qh4 {A
double-edged move as g3 could prove quite useful for White in the future if he
manages to execute the f4 -Bg2 manoeuvre.} 18. g3 Qe7 {[%csl Rf3][%cal Gc6f3,
Gf7f5]} 19. Bg2 Rad8 20. Bg5 f6 21. Bh6 Rfe8 22. Re1 f5 23. exf5 gxf5 24. Rcd1
$16) 18. Ne2 Rfd8 19. Nd4 Be8 20. Qf2 (20. g3 $14) 20... f5 21. exf5 gxf5 22.
g3 Bh5 23. Ne2 (23. Rd2 $142) 23... Kh8 24. Nf4 Bf7 25. Re1 (25. Nd3 $1 Nxd3
26. Rxd3 $16) 25... Qf6 26. Rcd1 Qg7 27. Bg2 Bc3 28. Rf1 $16 {1-0 Wang Hao 
(2729)-Iturrizaga,E (2653)/Dubai UAE 2014}) 17... Qe7 18. Nb5 $6 {[%csl Re4] A
grave tactical miscalculation!} (18. Bf1 $142 $14) 18... Qh4 $1 {...surely
home preparation!} 19. g3 $1 (19. f4 Nxe4 20. Qe1 Qxe1+ 21. Rxe1 Bf6 22. Bf3 a4
23. Na7 axb3 24. axb3 Nc5 25. Nxc6 bxc6 26. Bxc6 Rab8 27. Bxc5 dxc5 $17 {
[%csl Rb3,Gc5,Rc6,Yd4,Gf6][%cal Gf6d4,Gh7h5] Indeed, Black has a huge
positional advantage, but at least the material is still equal and there's no
sign of an attack...}) 19... Bxg3 20. hxg3 Qxg3+ 21. Kf1 Nxe4 $1 $40 22. Qd3 (
22. fxe4 $4 f5 $1 $19 {[%csl Rf1][%cal Gf8f1]}) 22... f5 $1 23. Nd4 $4 {
A crucial mistake born out of, well, not being in preparation mode! A
forgivable mistake, yet a deadly one!} (23. Nxd6 $8 {First and last chance for
counterplay!} Rf6 $1 (23... e5 24. c5 Kh8 25. Rdc1 $1 $11 {[%cal Ge2d1,Gc2h2]})
({The most natural alternative is:} 23... Rad8 $5 24. c5 f4 25. Bd4 Nxd6 26.
cxd6 Rxd6 27. Rc5 Qh3+ 28. Kg1 Rfd8 29. Qc3 Rd5 30. Rxd5 Rxd5 31. Be5 Qg3+ 32.
Kf1 Qh3+ 33. Kg1 Qg3+ $11) 24. c5 $1 Raf8 $1 (24... g5 $6 25. Nxe4 Bxe4 (25...
fxe4 $2 26. Qd6 $18) 26. Qd4 $1 Rh6 27. fxe4 Rh1+ 28. Bg1 fxe4 29. Bh5 Rf8+ 30.
Ke2 Rxh5 31. Qxe4 Rh4 32. Qxe6+ Kh8 33. Rd7 Qg2+ 34. Kd3 Rf3+ 35. Be3 Qf1+ 36.
Re2 Qd1+ 37. Rd2 Qb1+ 38. Kc3 Qc1+ $11) 25. Rdd2 $3 {[%cal Ge2d1] Awkwardly
improving White's position while retaining the tactical balance!} (25. Rdc1 $2
g5 $19 {[%cal Gf6h6]}) 25... g5 (25... e5 26. Bd1 Nxd2+ 27. Bxd2 $13 {With
chances for both sides.} (27. Rxd2 $5 Bxf3 28. Bxf3 Qxf3+ 29. Bf2 Qh1+ 30. Ke2
Kg7 31. Qd5 e4 $13)) 26. Bd1 Nxd2+ 27. Rxd2 Qh3+ 28. Kg1 Rh6 29. Rg2 Qh1+ 30.
Kf2 Rg6 31. Rg1 Qh4+ 32. Ke2 Bxf3+ 33. Kxf3 g4+ 34. Ke2 f4 35. Qe4 fxe3 36. Kd3
Qf2 37. Qxe3 g3 38. Qxf2 gxf2 39. Rf1 $132) 23... f4 24. Nxc6 $6 ({Better, but
not by much was:} 24. Bg1 Qh3+ 25. Ke1 Qh1 26. fxe4 Bxe4 27. Bf3 Qxg1+ 28. Qf1
Qxf1+ 29. Kxf1 Bxc2 30. Nxc2 d5 31. cxd5 Rfd8 $19) 24... fxe3 25. Qxe3 Rf4 $19
26. Nd4 Rh4 27. Qg1 Rh1 $1 0-1

[Event "Petrov Memorial op"]
[Site "St Petersburg"]
[Date "2000.02.16"]
[Round "9"]
[White "Popov, Valerij"]
[Black "Beshukov, Sergei"]
[Result "0-1"]
[WhiteElo "2534"]
[BlackElo "2460"]
[Annotator "King,D"]
[PlyCount "106"]
[EventDate "2000.02.05"]
[EventType "swiss"]
[EventRounds "9"]
[EventCountry "RUS"]
[SourceTitle "CBM 076"]
[Source "ChessBase"]
[SourceDate "2000.05.31"]
[SourceVersion "1"]
[SourceVersionDate "2000.05.31"]
[SourceQuality "1"]

1. Nf3 Nf6 2. c4 g6 3. Nc3 Bg7 4. e4 c5 5. d4 cxd4 6. Nxd4 Nc6 7. Be3 O-O 8.
Be2 d6 9. O-O Bd7 10. Qd2 Ng4 11. Bxg4 Bxg4 12. Rac1 Re8 13. h3 Bd7 14. Nd5 e6
15. Nc3 a6 16. Rfd1 Ne5 17. b3 f5 18. Nde2 Nf7 19. c5 Bc6 20. cxd6 Qh4 21. exf5
gxf5 22. Bb6 Kh8 23. Na4 Rg8 24. Rc4 Qf6 25. d7 e5 26. Ng3 Qg6 27. Qe2 Bf6 28.
Rxc6 bxc6 29. Qh5 Qxh5 30. Nxh5 Bd8 31. Ng3 f4 32. Ne4 Rg6 33. Bc5 $2 ({
This looks a bit too fancy to me. It must be more logical to exchange off one
of the blockaders. For example:} 33. Bxd8 Nxd8 (33... Rxd8 $6 {knights are
better blockaders - the rook will only get attacked!} 34. Nac5 Ng5 $2 35. Nxg5
Rxg5 36. Ne6) 34. Nac5 Kg7 35. g4 Kf7 (35... fxg3 36. fxg3 Kf7 37. g4 Ke7 38.
Kg2 Ne6 39. Nxe6 Rxe6 40. h4 Rg6 41. Kg3 Rd8 42. Nc5 $16) 36. Nd6+ Ke7 37. Nf5+
$16 {White can maintain control.}) 33... Kg8 34. Kf1 Rb8 35. Ke2 Rxg2 36. Nd6
Rg6 37. Nc8 Re6 38. Ba7 Rb5 39. Nc5 Rg6 40. Rd3 a5 41. Rd1 e4 42. Rd4 e3 43.
Re4 exf2 44. Re8+ Kg7 45. Kxf2 Bh4+ 46. Kf3 Rb4 47. Ne4 Rb7 48. Bd4+ Kh6 49.
Nc5 Rb4 50. Ne6 c5 51. Ne7 Rxe6 52. Nf5+ Kg5 53. Nxh4 Rxd4 {White's piece
manoeuvres never hit the mark: they did not help to get rid of the d-pawn's
blockaders.} 0-1

[Event "Hamburg SKA"]
[Site "Hamburg"]
[Date "1991.07.06"]
[Round "9"]
[White "Knaak, Rainer"]
[Black "Kindermann, Stefan"]
[Result "1-0"]
[WhiteElo "2515"]
[BlackElo "2515"]
[Annotator "Knaak,R"]
[PlyCount "101"]
[EventDate "1991.06.27"]
[EventType "tourn"]
[EventRounds "13"]
[EventCountry "GER"]
[EventCategory "11"]
[SourceTitle "CBM 024"]
[Source "ChessBase"]
[SourceDate "1991.10.01"]
[SourceVersion "1"]
[SourceVersionDate "1991.10.01"]
[SourceQuality "1"]

1. d4 Nf6 2. c4 g6 3. Nc3 Bg7 4. e4 d6 5. f3 O-O 6. Be3 c5 7. Nge2 Nc6 8. Qd2
cxd4 9. Nxd4 $14 Nxd4 10. Bxd4 Be6 11. Be2 Qa5 12. b3 Rfc8 13. Rb1 $1 {gegen
b7-b5} (13. O-O b5 $1 14. cxb5 Nxe4 $1 15. fxe4 Bxd4+ 16. Qxd4 Qxc3 $17) 13...
Nd7 14. Bxg7 Kxg7 15. O-O Nf6 16. Kh1 a6 17. a4 $1 Qb4 18. Qb2 Kg8 19. Na2 Qc5
20. Qd2 a5 21. Nc3 $16 Bd7 22. f4 Bc6 23. Bf3 e5 24. Rbd1 $5 (24. f5 {+/-
Kindermann}) 24... exf4 25. Qxf4 Qe5 26. Qd2 $1 Rd8 27. Rde1 Nd7 28. Nd5 Nc5
29. Bd1 Kg7 30. Bc2 Ne6 31. Nf6 Nc5 32. Ng4 $18 Qh5 33. Qd4+ Kf8 34. Qh8+ Ke7
35. Qf6+ Kd7 36. Qxf7+ Kc8 37. Bd1 $6 (37. Nf6 Qe5 38. Nd5 $18) 37... Qg5 38.
Nf6 Kb8 39. Qe7 $2 $16 Ka7 40. Bg4 $2 h5 $13 41. Bh3 Nxb3 $5 (41... Nd3 {/\ Nf4
}) 42. Qg7 $1 (42. e5 $2 Rd7 43. Qe6 Nc5 $19) 42... Nd2 43. Rg1 $1 Nxc4 44. Nd5
Ne5 45. Qc7 $2 (45. Rb1 $6 Nd3 $1 46. Qd4+ Nc5 $13) (45. Nc7 $1 $14) 45... Bxd5
46. exd5 (46. Qxa5+ $6 Kb8 47. Qxd5 Ng4 $1 $17) 46... Nd3 47. Re2 Qxd5 48. Rb1
Rf8 $4 (48... Nb4 49. Be6 $1 Qc5 50. Qg7 $13) 49. Qb6+ $18 Kb8 50. Be6 Ra6 51.
Qxa6 1-0

[Event "World Cup"]
[Site "Reykjavik"]
[Date "1991.??.??"]
[Round "2"]
[White "Timman, Jan H"]
[Black "Ivanchuk, Vassily"]
[Result "1/2-1/2"]
[WhiteElo "2630"]
[BlackElo "2735"]
[Annotator "Knaak,R"]
[PlyCount "47"]
[EventDate "1991.09.??"]
[EventType "tourn"]
[EventRounds "15"]
[EventCountry "ISL"]
[EventCategory "16"]
[SourceTitle "CBM 026"]
[Source "ChessBase"]
[SourceDate "1992.02.01"]
[SourceVersion "1"]
[SourceVersionDate "1992.02.01"]
[SourceQuality "1"]

1. d4 Nf6 2. c4 g6 3. Nc3 Bg7 4. e4 d6 5. f3 O-O 6. Be3 c5 7. Nge2 Nc6 8. Qd2
cxd4 9. Nxd4 Nxd4 10. Bxd4 Be6 11. Be2 Qa5 12. Rc1 (12. b3 $1 Rfc8 13. Rb1 $1 {
(gegen b7-b5)} Nd7 14. Bxg7 Kxg7 15. O-O $14 {Knaak-Kindermann/Hamburg/1991/
CBM24-VC}) 12... a6 13. b3 Rfb8 14. O-O b5 $10 15. c5 Qb4 16. Rfd1 dxc5 17. Be3
Ra7 18. Nd5 Qxd2 19. Nxf6+ Bxf6 20. Rxd2 Bd4 21. Bxd4 cxd4 22. Rxd4 a5 23. Rc5
a4 24. Rxb5 1/2-1/2